000 00690nam a2200229Ia 4500
003 OSt
005 20220927112848.0
006 a|||||r|||| 00| 0
007 ta
008 220926b |||||||| |||| 00| 0 eng d
024 _a154180
037 _cReports
040 _aRTL
_cRTL
_beng
041 _2eng
_aeng
082 _a"X71p1,N69, L6/UN"
110 _a"United Nation, Interregional Seminal on Govt. Accounting and financial management."
_9384416
245 0 _aReport.
260 _c1970
700 _a"United Nation, Interregional Seminal on Govt. Accounting and financial management."
_9384417
942 _h"X71p1,N69, L6/UN"
_cCC
999 _c700828
_d700828